Normal view
MARC view
- الداود، عصام / م. مشارك عبدالله بساطة
Entry Personal Name
001 - CONTROL NUMBER
- control field: 27477
003 - CONTROL NUMBER IDENTIFIER
- control field: JO-AjAnu
005 - DATE AND TIME OF LATEST TRANSACTION
- control field: 20230606074652.0
008 - FIXED-LENGTH DATA ELEMENTS
- fixed length control field: 230606|| aca||aabn | a|a d
040 ## - CATALOGING SOURCE
- Original cataloging agency: JO-AjAnu
- Transcribing agency: JO-AjAnu
100 ## - HEADING--PERSONAL NAME
- Personal name: الداود، عصام / م. مشارك عبدالله بساطة
670 ## - SOURCE DATA FOUND
- Source citation: Work cat.: (JO-AjAnu)14111: الداود، عصام / م. مشارك عبدالله بساطة , author, Visual Basic.NET